000 01061nam a2200229Ia 4500
001 21224
003 GE_BSU
008 181216s||||||||xx |||||||||||||| ||und||
040 _cGE_BSU
080 _a342.8(479.22)(094.4)
245 _aსაქართველოს ორგანული კანონი საქართველოს საარჩევნო კოდექსი
245 _bცვლილებებითა და დამატებებით 2017 წლის 22მარტამდე
260 _aთბილისი
260 _bბონა კაუზა
260 _c2017
300 _a252გვ;20სმ.
541 _h9ლ.
653 _aვლილებებითა და დამატებებით 2017წლის 22 მარტამდე
653 _aსამართალი
653 _aსაქართველოს ორგანული კანონი საქართველოს საარჩევნო კოდექსი
942 _cBK
999 _c54168
_d54168